<?xml version="1.0" encoding="UTF-8"?>
<marc:record xmlns:marc="http://www.loc.gov/MARC21/slim">
   <marc:leader>00000nam a2200000 a 4500</marc:leader>
   <marc:datafield ind1="1" ind2=" " tag="100">
      <marc:subfield code="a">Thuile, Christian</marc:subfield>
      <marc:subfield code="4">aut</marc:subfield>
      <marc:subfield code="e">Verfasser/-in</marc:subfield>
   </marc:datafield>
   <marc:datafield ind1="0" ind2="0" tag="245">
      <marc:subfield code="a">So hilft Ihnen die Magnetfeld-Therapie</marc:subfield>
   </marc:datafield>
   <marc:datafield ind1="0" ind2="0" tag="245">
      <marc:subfield code="b">Neue Chancen bei über 60 Erkrankungen. Schonend und ohne Nebenwirkungen. Wie Sie die Magnetfeld-Therapie zu Hause optimal nutzen</marc:subfield>
   </marc:datafield>
   <marc:datafield ind1="0" ind2="0" tag="245">
      <marc:subfield code="c">Christian Thuile</marc:subfield>
   </marc:datafield>
   <marc:datafield ind1=" " ind2="1" tag="264">
      <marc:subfield code="a">Stuttgart</marc:subfield>
      <marc:subfield code="b">MVS Medizinverlage Stuttgart</marc:subfield>
      <marc:subfield code="c">2008</marc:subfield>
   </marc:datafield>
   <marc:datafield ind1=" " ind2=" " tag="250">
      <marc:subfield code="a">3. Aufl.</marc:subfield>
   </marc:datafield>
   <marc:datafield ind1="1" ind2=" " tag="520">
      <marc:subfield code="a">Angaben aus der Verlagsmeldung

So hilft Ihnen die Magnetfeld-Therapie : Neue Chancen bei über 60 Erkrankungen. Schonend und ohne Nebenwirkungen. Wie Sie die Magnetfeld-Therapie zu Hause optimal nutzen / von Christian Thuile

Sanft heilen mit natürlichen Kräften.

Traditionell und doch modern:
Bereits im Altertum behandelten Heilkundige ihre Patienten mit magnetischen Steinen. Unsere moderne Medizin hat den Einsatz von Magnetfeldern geradezu perfektioniert. Erfahren Sie in diesem Ratgeber, was Magnetismus ist und was er in unserem Körper bewirkt.

Lassen Sie sich überzeugen:
Die Magnetfeld-Therapie ist heute gefragt wie nie zuvor. Denn sie verspricht gute Heilchancen bei vielen chronischen Erkrankungen wie Schmerzen, Allergien, Gelenk- und Magenbeschwerden u.v.m. Und das ganz ohne Nebenwirkungen! Dieses Buch zeigt für 60 Krankheiten, wie Ihnen die Magnetfeld-Therapie hilft. Hier erfahren Sie wie oft, wie lange und mit welcher Intensität die Behandlung erfolgt.

So tragen Sie zum Erfolg bei:
Lesen Sie selbst, wie Sie die Magnetfeld-Therapie sinnvoll untersützen. Das Buch bietet Ihnen alle praktischen Regeln, die zu beachten sind. Ferner zeigt es für jede der 60 Krankheiten, wie die Naturheilkunde Ihnen zusätzlich hilft. Ein eigenes Kapitel stellt die Naturheilverfahren dar, die mit der Magnetfeld-Therapie kombiniert werden können. Außerdem erfahren Sie, wann sich ein eigenes Gerät lohnt und worauf Sie bei der Anwendung achten sollten. Viele Patientenbeispiele zeigen Ihnen die oft verblüffenden Erfolge der Magnetfeld-Therapie.

Dr. med. Christian Thuile ist Präsident der Internationalen Ärztegesellschaft für Energiemedizin in Wien und Spezialist für Magnetfeldtherapie.
www.thuile.com
</marc:subfield>
   </marc:datafield>
   <marc:datafield ind1=" " ind2=" " tag="020">
      <marc:subfield code="a">9783830434719</marc:subfield>
      <marc:subfield code="9">9783830434719</marc:subfield>
   </marc:datafield>
   <marc:datafield ind1=" " ind2=" " tag="041">
      <marc:subfield code="a">ger</marc:subfield>
   </marc:datafield>
   <marc:datafield ind1=" " ind2=" " tag="300">
      <marc:subfield code="a">160 S.</marc:subfield>
   </marc:datafield>
</marc:record>
